Telephone Directory: Washington, Georgia (Record no. 1554)

000 -LEADER
fixed length control field 00601nam a22001817a 4500
003 - CONTROL NUMBER IDENTIFIER
control field OSt
005 - DATE AND TIME OF LATEST TRANSACTION
control field 20210219071703.0
008 - FIXED-LENGTH DATA ELEMENTS--GENERAL INFORMATION
fixed length control field 210215s1984 ||||| |||| 00| 0 eng d
040 ## - CATALOGING SOURCE
Original cataloging agency eng
Language of cataloging eng
Transcribing agency DLC
041 ## - LANGUAGE CODE
Language code of text/sound track or separate title eng
080 ## - UNIVERSAL DECIMAL CLASSIFICATION NUMBER
Universal Decimal Classification number 659.3
Item number T-33
245 ## - TITLE STATEMENT
Title Telephone Directory: Washington, Georgia
Remainder of title : Crawfordville, Lincolnton, Metasville, Rayle, Tignall
Statement of responsibility, etc. / by: Wilkes Telephone and Electric Company
260 ## - PUBLICATION, DISTRIBUTION, ETC.
Place of publication, distribution, etc. Washington, Georgia
Name of publisher, distributor, etc. Wilkes Telephone and Electric Company
Date of publication, distribution, etc. 1984
300 ## - PHYSICAL DESCRIPTION
Extent 52 p.
Other physical details ill.
650 #0 - SUBJECT ADDED ENTRY--TOPICAL TERM
9 (RLIN) 746
Topical term or geographic name entry element Information
653 ## - INDEX TERM--UNCONTROLLED
Uncontrolled term ინფორმაცია
942 ## - ADDED ENTRY ELEMENTS (KOHA)
Source of classification or shelving scheme
Koha item type Books
Holdings
Withdrawn status Lost status Source of classification or shelving scheme Damaged status Not for loan Permanent location Current location Date acquired Inventory number Total Checkouts Full call number Barcode Date last seen Price effective from Koha item type
          Ken Walker International University Ken Walker International University 02/19/2021 1414   659.3 T-33 1414 02/19/2021 02/19/2021 Books

Powered by Koha